• 首页
  • 本馆介绍
  • 公告通知
  • 最新文献
  • 馆藏检索
  • 电子资源
  • 读者导购
  • 参考咨询
  • 我的图书馆
  • 登录
  • 详细信息显示
  • 放入我的书架
  • 预约/预借图书
  • 作者相关作品
  • 分类相关作品
  • 丛书相关作品
  • 出版社相关作品

书目信息

  • 表格格式
  • 工作单格式
  • 卡片格式
书名: Universal foam
作者: Sidney Perkowitz.
分册号:
分册名:
出版地: New York :
 
出版社: Walker & Co
出版时间: c2000.
页数: x, 194 p. :
开本: 22 cm.
丛书名:
中图分类号:
科图分类号:
其他分类号: O648.2
主题词:
电子资源:
000 00700cam a22002414a 450
001 E0738134293
005 20070711104619.23
008 991220s2000 nyua b 001 0 eng
010    @a99086482
020    @a0802713572 (hc).
040    @aDLC@cDLC@dDLC
042    @apcc
050 00 @aQD549@b.P38 2000
082 00 @a541.3/451@2 21
090    @aO648.2
099    @dO648.2@ex21
100 1  @aPerkowitz, S.
245 10 @aUniversal foam :@bfrom Cappuccino to the cosmos / @cSidney Perkowitz.
260    @aNew York :@bWalker & Co.,@cc2000.
300    @ax, 194 p. :@bill. ;@c22 cm.
504    @aIncludes bibliographical references (p. [173]-180) and index.
650  0 @aFoam.
650  0 @aFoamed materials.
    
    Universal foam : : from Cappuccino to the cosmos / / Sidney Perkowitz.-New York : : Walker & Co., , c2000.
    x, 194 p. : : ill. ; ; 22 cm.
    Includes bibliographical references (p. [173]-180) and index.
    
    ISBN 0802713572 (hc).
    
●
相关链接 在E读中查询图书 在五车中查询图书 在当当中查询图书 在豆瓣中查询图书


正题名:Universal foam     索取号:O648.2/x21         预约/预借

序号 登录号 条形码 馆藏地/架位号 状态 备注
1 0011870   300118708   第二样本阅览室/ [索取号:O648.2/x21] 在馆    
唐山师范学院图书馆 欢迎您!
大连网信软件有限公司© 版权所有